| 000 | 01152nam a2200289Ia 4500 | ||
|---|---|---|---|
| 001 | ebr10380705 | ||
| 003 | CaPaEBR | ||
| 006 | m u | ||
| 007 | cr cn||||||||| | ||
| 008 | 061003s2006 dcu s i000 0 eng d | ||
| 040 |
_aCaPaEBR _cCaPaEBR |
||
| 035 | _a(OCoLC)698585542 | ||
| 050 | 1 | 4 |
_aHQ1064.A78 _bH45 2006eb |
| 100 | 1 | _aHeller, Peter S. | |
| 245 | 1 | 0 |
_aIs Asia prepared for an aging population? _h[electronic resource] / _cprepared by Peter S. Heller. |
| 260 |
_a[Washington, D.C.] : _bInternational Monetary Fund, _c2006. |
||
| 300 | _a33 p. | ||
| 490 | 1 |
_aIMF working paper ; _vWP/06/272 |
|
| 500 | _a"December 2006." | ||
| 533 |
_aElectronic reproduction. _bPalo Alto, Calif. : _cebrary, _d2011. _nAvailable via World Wide Web. _nAccess may be limited to ebrary affiliated libraries. |
||
| 650 | 0 |
_aPopulation aging _zAsia. |
|
| 650 | 0 |
_aAge distribution (Demography) _zAsia. |
|
| 655 | 7 |
_aElectronic books. _2local |
|
| 710 | 2 | _aebrary, Inc. | |
| 830 | 0 |
_aIMF working paper ; _vWP/06/272. |
|
| 856 | 4 | 0 |
_uhttp://site.ebrary.com/lib/rucke/Doc?id=10380705 _zAn electronic book accessible through the World Wide Web; click to view |
| 999 |
_c102712 _d102712 |
||